Development of Gui for upgradation of Pundit (Record no. 553699)
[ view plain ]
| 000 -LEADER | |
|---|---|
| fixed length control field | 00504nam a22001697a 4500 |
| 082 ## - DEWEY DECIMAL CLASSIFICATION NUMBER | |
| Classification number | P686 |
| 100 ## - MAIN ENTRY--PERSONAL NAME | |
| Personal name | Asad Irshad (Syndicate Leader) |
| 9 (RLIN) | 50941 |
| 245 ## - TITLE STATEMENT | |
| Title | Development of Gui for upgradation of Pundit |
| Remainder of title | Project |
| Statement of responsibility, etc. | Asad Irshad (Syndicate Leader) |
| 250 ## - EDITION STATEMENT | |
| Edition statement | 2016 |
| 260 ## - PUBLICATION, DISTRIBUTION, ETC. | |
| Place of publication, distribution, etc. | Risalpur |
| Name of publisher, distributor, etc. | MCE |
| Date of publication, distribution, etc. | 2016 |
| 300 ## - PHYSICAL DESCRIPTION | |
| Extent | P63; |
| Other physical details | ill, |
| Dimensions | 26 cm |
| 526 ## - STUDY PROGRAM INFORMATION NOTE | |
| Program name | 0 |
| Interest level | 0 |
| Reading level | 0 |
| Title point value | P_686_000000000000000 |
| 526 ## - STUDY PROGRAM INFORMATION NOTE | |
| Program name | 0 |
| Interest level | 0 |
| Reading level | 0 |
| Title point value | P_686_000000000000000 |
| 650 ## - SUBJECT ADDED ENTRY--TOPICAL TERM | |
| Topical term or geographic name entry element | Project |
| 700 ## - ADDED ENTRY--PERSONAL NAME | |
| Personal name | Asad Irshad |
| 9 (RLIN) | 50942 |
| 942 ## - ADDED ENTRY ELEMENTS (KOHA) | |
| Source of classification or shelving scheme | |
| Koha item type | Book Bank |
| Withdrawn status | Lost status | Source of classification or shelving scheme | Damaged status | Not for loan | Permanent Location | Current Location | Date acquired | Total Checkouts | Full call number | Barcode | Date last seen | Date last checked out | Price effective from | Koha item type |
|---|---|---|---|---|---|---|---|---|---|---|---|---|---|---|
| Military College of Engineering (MCE) | Military College of Engineering (MCE) | 07/15/2016 | 1 | P686 | MCE-P-686 | 12/12/2019 | 10/21/2019 | 03/14/2021 | Book Bank | |||||
| Military College of Engineering (MCE) | Military College of Engineering (MCE) | 07/18/2016 | P686 | MCE-P-685 | 07/18/2016 | 03/14/2021 | Book Bank |
